01353nam a2200325Ia 4500001000700000003000500007008004100012010001100053020007900064040000900143082002000152100004200172245012500214250001100339260013600350300001100486440002600497503003600523650007500559650008800634650008300722650005700805901002000862902000600882910000900888942000600897942000700903999001900910952009800929Z_4382CHAP220113s2016 xx 000 0 und d a167452 a978-607-12-0148-5 (colección Tlatemoa) \ 978-607-12-0420-2 (número 13) cCHAP a305.5633972 F84 aFuente Hernández, Juan de la943805 aContra viento y marea : la pertinaz historia del movimiento campesino y las izquierdas /cJuan de la Fuente Hernández a2a ed. aMéxico :bUniversidad Autonoma de Chapingo. Departamento de Enseñanza, Investigación y Servicio en Sociología Rural,c2016 a335 p. aTlatemoa ; 139141658 aej.1: donación noviembre 2016 aAgricultura y Estado xx México xx Historia xx Siglo XX9141659 aCampesinadoxActividad política xx México xx Historia xx Siglo XX9141660 aInsurrecciones de campesinos xx México xx Historia xx Siglo XX9141661 aOrganización de la comunidad xx México9141662 a305.5633972 F84 aM a2016 c1 cc1 c167452d167452 00102ddc40708GRALaZbZc1d2017-11-29pz_7036r2022-01-18 00:00:00t1w2022-01-18yLIBRO